[Event "Oberliga Ost-A 1415"]
[Site "Germany"]
[Date "2014.12.07"]
[Round "5.3"]
[White "Mueller, Richard"]
[Black "Malich, Burkhard"]
[Result "1/2-1/2"]
[WhiteElo "2129"]
[BlackElo "2329"]
[PlyCount "130"]
[EventDate "2014.09.21"]
[EventType "team-tourn"]
[EventRounds "11"]
[EventCountry "GER"]
[SourceTitle "EXT 2016"]
[Source "ChessBase"]
[SourceDate "2015.10.08"]
[SourceVersion "1"]
[SourceVersionDate "2015.10.08"]
[SourceQuality "1"]
[WhiteTeam "Coswig"]
[BlackTeam "Halle Volksbank"]
[WhiteTeamCountry "GER"]
[BlackTeamCountry "GER"]

1. d4 d5 2. c4 c6 3. Nf3 Nf6 4. Nc3 a6 5. a4 e6 6. cxd5 cxd5 7. Bg5 Be7 8. e3 h6 9. Bh4 Nc6 10. Be2 0-0 11. 0-0 b6 12. h3 Bb7 13. Rb1 Ne4 14. Bxe7 Qxe7 15. Qb3 Qb4 16. Qxb4 Nxb4 17. Nxe4 dxe4 18. Ne5 Nd5 19. a5 b5 20. Rfc1 Rfd8 21. Rc5 f6 22. Ng4 Kf7 23. f3 exf3 24. Bxf3 Rd7 25. Rbc1 Rad8 26. Bxd5 Bxd5 27. Nf2 Ke7 28. Nd3 Rd6 29. Nb4 Bb7 30. Rc7+ R8d7 31. R7c5 g5 32. Kh2 Kf7 33. R1c2 Kg6 34. Kg3 Kf7 35. h4 Kg6 36. Rf2 Rg7 37. h5+ Kf7 38. Nd3 f5 39. Kh2 Ke8 40. g3 g4 41. Nf4 Rgd7 42. Rfc2 Be4 43. Rc1 Kf7 44. Kg1 Kf6 45. Kf2 b4 46. Ke1 b3 47. R1c3 Rb7 48. R3c4 Re7 49. Ng6 Rb7 50. Rc8 Bd5 51. Rc3 Rdd7 52. R3c5 Rb4 53. Rf8+ Rf7 54. Rg8 Rg7 55. Rf8+ Rf7 56. Rh8 Ra4 57. Nf4 Ra1+ 58. Kf2 Rb1 59. Rxh6+ Kg7 60. Rg6+ Kh7 61. Nxd5 Rxb2+ 62. Kf1 Rb1+ 63. Ke2 b2 64. Nf6+ Rxf6 65. Rc7+ Kh8 1/2-1/2

[Event "Oberliga Ost-B 1314"]
[Site "Germany"]
[Date "2013.12.15"]
[Round "5.3"]
[White "Roosen, Holger"]
[Black "Malich, Burkhard"]
[Result "1/2-1/2"]
[WhiteElo "2229"]
[BlackElo "2347"]
[PlyCount "60"]
[EventDate "2013.10.13"]
[EventType "team-tourn"]
[EventRounds "11"]
[EventCountry "GER"]
[SourceTitle "EXT 2015"]
[Source "ChessBase"]
[SourceDate "2014.11.20"]
[SourceVersion "1"]
[SourceVersionDate "2014.11.20"]
[SourceQuality "1"]
[WhiteTeam "Offenbach"]
[BlackTeam "Halle"]
[WhiteTeamCountry "GER"]
[BlackTeamCountry "GER"]

1. c4 c6 2. Nf3 d5 3. e3 Nf6 4. Nc3 e6 5. Bd3 Nbd7 6. Qe2 Nc5 7. Bc2 dxc4 8. Qxc4 b5 9. Qd4 Qc7 10. 0-0 Ba6 11. b4 Ncd7 12. a3 Rd8 13. Ne4 Be7 14. Bb2 c5 15. Qc3 Rc8 16. Rfc1 Bb7 17. Nxc5 Nxc5 18. bxc5 Bxc5 19. d4 Bd6 20. Bd3 Qxc3 21. Bxc3 a6 22. Nd2 Nd5 23. Bb2 0-0 24. Ne4 Be7 25. Nc5 Bxc5 26. Rxc5 Nb6 27. Rac1 Bd5 28. Rxc8 Rxc8 29. Rxc8+ Nxc8 30. Bc3 Nb6 1/2-1/2

[Event "BL2-Ost 1213"]
[Site "Germany"]
[Date "2013.01.13"]
[Round "5.5"]
[White "Malich, Burkhard"]
[Black "Loxine, Jakov"]
[Result "1-0"]
[WhiteElo "2349"]
[BlackElo "2408"]
[PlyCount "81"]
[EventDate "2012.10.14"]
[EventType "team-tourn"]
[EventRounds "9"]
[EventCountry "GER"]
[SourceTitle "CBM 154 Extra"]
[Source "ChessBase"]
[SourceDate "2013.06.25"]
[SourceVersion "2"]
[SourceVersionDate "2013.06.25"]
[SourceQuality "1"]
[WhiteTeam "Halle Volksbank"]
[BlackTeam "Dresden TU"]
[WhiteTeamCountry "GER"]
[BlackTeamCountry "GER"]

1. d4 Nf6 2. Nf3 g6 3. c4 Bg7 4. Nc3 0-0 5. e4 d6 6. Be2 e5 7. 0-0 Nc6 8. d5 Ne7 9. Ne1 Nd7 10. Nd3 f5 11. f3 Kh8 12. b4 Nf6 13. a4 f4 14. a5 g5 15. Bd2 h5 16. Nf2 Rg8 17. c5 Bf8 18. cxd6 cxd6 19. h3 Rg7 20. Nb5 Neg8 21. Ra3 Nh6 22. Rc3 a6 23. Na3 g4 24. fxg4 hxg4 25. hxg4 Nhxg4 26. Nxg4 Nxg4 27. Qe1 Kg8 28. Nc4 Qg5 29. g3 Qh5 30. Rf2 Rh7 31. Bf3 Bd7 32. Nb6 fxg3 33. Re2 Rd8 34. Qxg3 Rg7 35. Nxd7 Rdxd7 36. Rg2 Qh7 37. Qxg4 Rxg4 38. Bxg4 Qxe4 39. Be6+ Kh8 40. Rg8+ Kh7 41. Rh3+ 1-0

[Event "BL2-Ost 1213"]
[Site "Germany"]
[Date "2012.12.09"]
[Round "4.5"]
[White "Spiess, Gunter"]
[Black "Malich, Burkhard"]
[Result "1/2-1/2"]
[WhiteElo "2415"]
[BlackElo "2349"]
[PlyCount "100"]
[EventDate "2012.10.14"]
[EventType "team-tourn"]
[EventRounds "9"]
[EventCountry "GER"]
[SourceTitle "CBM 154 Extra"]
[Source "ChessBase"]
[SourceDate "2013.06.25"]
[SourceVersion "2"]
[SourceVersionDate "2013.06.25"]
[SourceQuality "1"]
[WhiteTeam "Aue Nickelhuette"]
[BlackTeam "Halle Volksbank"]
[WhiteTeamCountry "GER"]
[BlackTeamCountry "GER"]

1. d4 d5 2. c4 c6 3. Nc3 Nf6 4. Nf3 a6 5. a4 g6 6. Bf4 Bg7 7. e3 0-0 8. Qb3 e6 9. a5 Nbd7 10. Be2 Qe7 11. 0-0 h6 12. h3 Ne4 13. Rfd1 f5 14. Ne1 Re8 15. Nd3 Nd6 16. Qa3 Nf7 17. cxd5 Qxa3 18. Rxa3 exd5 19. Na4 Bf8 20. Ndc5 Bd6 21. Bxd6 Nxd6 22. Bd3 Nxc5 23. Nxc5 Re7 24. Re1 Be6 25. f3 Bf7 26. Kf2 Rae8 27. Raa1 Kg7 28. g4 Kf6 29. Re2 Be6 30. Rae1 Bc8 31. b3 Rd8 32. Bc2 Nf7 33. Nd3 Bd7 34. Rg1 Be8 35. gxf5 gxf5 36. Rg3 Ng5 37. Re1 Ne6 38. f4 Rg7 39. Rxg7 Nxg7 40. Nc5 Rb8 41. Rg1 Ne6 42. Nd3 Ng7 43. Ne5 Rd8 44. b4 Rd6 45. Bd1 Re6 46. h4 Re7 47. Be2 Bf7 48. Bd3 Be8 49. Be2 Bf7 50. Bd3 Be8 1/2-1/2

[Event "BL2-Nord 1112"]
[Site "Germany"]
[Date "2012.03.18"]
[Round "8.4"]
[White "Malich, Burkhard"]
[Black "Brodowski, Piotr"]
[Result "0-1"]
[WhiteElo "2347"]
[BlackElo "2436"]
[PlyCount "120"]
[EventDate "2011.10.02"]
[EventType "team-tourn"]
[EventRounds "9"]
[EventCountry "GER"]
[SourceTitle "EXT 2015"]
[Source "ChessBase"]
[SourceDate "2014.11.20"]
[SourceVersion "1"]
[SourceVersionDate "2014.11.20"]
[SourceQuality "1"]
[WhiteTeam "Halle Volksbank"]
[BlackTeam "Zehlendorf"]
[WhiteTeamCountry "GER"]
[BlackTeamCountry "GER"]

1. d4 c5 2. e3 g6 3. Nf3 Bg7 4. c4 Nc6 5. d5 Na5 6. Be2 d6 7. 0-0 f5 8. Nbd2 Nf6 9. Rb1 b6 10. a3 Qc7 11. b3 Nb7 12. Bb2 0-0 13. Bd3 Nd8 14. e4 fxe4 15. Nxe4 Bg4 16. Neg5 Nh5 17. Bxg7 Kxg7 18. h3 Bxf3 19. Nxf3 e5 20. dxe6 Nxe6 21. Re1 Rae8 22. Bf1 Qc6 23. Re3 Nef4 24. Rxe8 Qxe8 25. g3 Nxg3 26. fxg3 Qe3+ 27. Kh1 Nxh3 28. Bxh3 Rxf3 29. Bg2 Rxg3 30. Qe1 Qxe1+ 31. Rxe1 Kf6 32. b4 Rxa3 33. b5 Kf5 34. Bd5 Kf4 35. Kg2 Ra2+ 36. Kf1 h5 37. Re6 g5 38. Rxd6 g4 39. Rh6 Kg5 40. Re6 h4 41. Re5+ Kf4 42. Re4+ Kf5 43. Re8 h3 44. Rf8+ Kg5 45. Kg1 Kh4 46. Rf2 Ra1+ 47. Rf1 Ra3 48. Re1 Kg3 49. Rf1 a6 50. bxa6 Rxa6 51. Rd1 Ra3 52. Rf1 Rd3 53. Bc6 Rd4 54. Rc1 Kh4 55. Kf2 g3+ 56. Kf3 Rd6 57. Bb7 Rf6+ 58. Ke2 g2 59. Rd1 Kg3 60. Rd3+ Kh2 0-1

[Event "BL2-Nord 1112"]
[Site "Germany"]
[Date "2012.01.15"]
[Round "5.4"]
[White "Malich, Burkhard"]
[Black "Knuth, Hannes"]
[Result "1-0"]
[WhiteElo "2347"]
[BlackElo "2333"]
[PlyCount "139"]
[EventDate "2011.10.02"]
[EventType "team-tourn"]
[EventRounds "9"]
[EventCountry "GER"]
[SourceTitle "EXT 2015"]
[Source "ChessBase"]
[SourceDate "2014.11.20"]
[SourceVersion "1"]
[SourceVersionDate "2014.11.20"]
[SourceQuality "1"]
[WhiteTeam "Halle Volksbank"]
[BlackTeam "Neukloster"]
[WhiteTeamCountry "GER"]
[BlackTeamCountry "GER"]

1. d4 Nf6 2. Nf3 e6 3. c4 Bb4+ 4. Bd2 Qe7 5. e3 b6 6. Be2 Bb7 7. 0-0 0-0 8. Nc3 d6 9. Qc2 Nbd7 10. Rfd1 a6 11. a3 Bxc3 12. Bxc3 Ne4 13. Be1 f5 14. b4 c5 15. Qb2 Rab8 16. Rab1 f4 17. exf4 Rxf4 18. bxc5 bxc5 19. Qc1 Rff8 20. Qe3 Ba8 21. Nd2 Rxb1 22. Nxb1 Rc8 23. f3 cxd4 24. Qxd4 e5 25. Qe3 Nef6 26. Qa7 e4 27. Qxa6 Rb8 28. Kf1 exf3 29. gxf3 Ng4 30. Qxd6 Ne3+ 31. Kg1 Qg5+ 32. Qg3 Qxg3+ 33. Bxg3 Rb7 34. Rc1 Rb2 35. Nc3 Nc2 36. Rb1 Rxb1+ 37. Nxb1 Kf7 38. Kf2 g6 39. Bd1 Nd4 40. Nc3 Ke6 41. Nb5 Nxb5 42. cxb5 Kd5 43. a4 Kc5 44. Bc7 Nf6 45. Kg3 Nd5 46. b6 Bb7 47. h4 Kb4 48. Bc2 Nf6 49. Bd8 Nd5 50. Be4 Kxa4 51. Kg4 h6 52. Bxg6 Ne3+ 53. Kg3 Kb5 54. Bd3+ Kc6 55. Be4+ Nd5 56. h5 Kd7 57. Bc7 Ke6 58. f4 Kd7 59. Be5 Bc6 60. Bd4 Kd6 61. Kf3 Ke6 62. Bc5 Kd7 63. f5 Bb7 64. Bd4 Bc6 65. Be3 Nf6 66. Bxc6+ Kxc6 67. Bd4 Nd7 68. Ke4 Kd6 69. f6 Ke6 70. b7 1-0

[Event "GER-chT Seniors 19th"]
[Site "Eckernfoerde"]
[Date "2010.09.17"]
[Round "5.1"]
[White "Malich, Burkhard"]
[Black "Salov, Sergej"]
[Result "1/2-1/2"]
[WhiteElo "2272"]
[BlackElo "2226"]
[PlyCount "40"]
[EventDate "2010.09.13"]
[EventType "team-swiss"]
[EventRounds "7"]
[EventCountry "GER"]
[SourceTitle "EXT 2011"]
[Source "ChessBase"]
[SourceDate "2010.11.26"]
[SourceVersion "1"]
[SourceVersionDate "2010.11.26"]
[SourceQuality "1"]
[WhiteTeam "Sachsen Anhalt"]
[BlackTeam "Schleswig Holstein"]
[WhiteTeamCountry "GER"]
[BlackTeamCountry "GER"]

1. d4 Nf6 2. Nf3 e6 3. c4 Bb4+ 4. Nbd2 b6 5. e3 Bb7 6. Be2 c5 7. 0-0 cxd4 8. Nxd4 0-0 9. Bf3 d5 10. Nc2 Be7 11. b3 Nbd7 12. Bb2 Rc8 13. Rc1 Rc7 14. Nd4 Ne5 15. Be2 Nc6 16. N2f3 Nxd4 17. Nxd4 Qa8 18. cxd5 Rxc1 19. Qxc1 Bxd5 20. f3 Rc8 1/2-1/2

[Event "GER-chT Seniors 19th"]
[Site "Eckernfoerde"]
[Date "2010.09.16"]
[Round "4.1"]
[White "Burger, Heinrich"]
[Black "Malich, Burkhard"]
[Result "0-1"]
[WhiteElo "2049"]
[BlackElo "2272"]
[PlyCount "102"]
[EventDate "2010.09.13"]
[EventType "team-swiss"]
[EventRounds "7"]
[EventCountry "GER"]
[SourceTitle "EXT 2011"]
[Source "ChessBase"]
[SourceDate "2010.11.26"]
[SourceVersion "1"]
[SourceVersionDate "2010.11.26"]
[SourceQuality "1"]
[WhiteTeam "Berlin II"]
[BlackTeam "Sachsen Anhalt"]
[WhiteTeamCountry "GER"]
[BlackTeamCountry "GER"]

1. d4 Nf6 2. Nf3 d5 3. c4 c6 4. Nbd2 g6 5. g3 Bg7 6. Bg2 0-0 7. 0-0 e6 8. b3 Nbd7 9. Qc2 Re8 10. Bb2 b6 11. e4 dxe4 12. Nxe4 Nxe4 13. Qxe4 Bb7 14. Rfd1 Rc8 15. Ne5 Qc7 16. Nxd7 Qxd7 17. Rd3 Rcd8 18. Rad1 Ba8 19. Qe2 Qc7 20. b4 Bb7 21. Qc2 Ra8 22. a4 a5 23. b5 Rac8 24. bxc6 Bxc6 25. d5 exd5 26. Bxg7 Kxg7 27. cxd5 Bd7 28. Qb2+ Kg8 29. d6 Qc2 30. Qd4 Rc4 31. Qd5 Qxa4 32. Qb7 Rb4 33. Bd5 Rf8 34. Rc1 Rd4 35. Rf3 Rd1+ 36. Rxd1 Qxd1+ 37. Kg2 Bb5 38. h3 Ba6 39. Bxf7+ Kg7 40. Qd5 Qxd5 41. Bxd5 Rxf3 42. Kxf3 Kf6 43. Ke4 Bc8 44. g4 Bd7 45. f4 h6 46. Kd4 a4 47. Kc3 h5 48. gxh5 gxh5 49. Bf3 h4 50. Bg4 Bxg4 51. hxg4 Ke6 0-1

[Event "GER-chT Seniors 19th"]
[Site "Eckernfoerde"]
[Date "2010.09.13"]
[Round "1.1"]
[White "Malich, Burkhard"]
[Black "Raetsch, Heinz"]
[Result "0-1"]
[WhiteElo "2272"]
[BlackElo "2117"]
[PlyCount "108"]
[EventDate "2010.09.13"]
[EventType "team-swiss"]
[EventRounds "7"]
[EventCountry "GER"]
[SourceTitle "EXT 2011"]
[Source "ChessBase"]
[SourceDate "2010.11.26"]
[SourceVersion "1"]
[SourceVersionDate "2010.11.26"]
[SourceQuality "1"]
[WhiteTeam "Sachsen Anhalt"]
[BlackTeam "Thueringen"]
[WhiteTeamCountry "GER"]
[BlackTeamCountry "GER"]

1. d4 Nf6 2. Nf3 d6 3. c4 Nbd7 4. Nc3 c6 5. e4 e5 6. Be2 Be7 7. 0-0 0-0 8. Re1 Qc7 9. h3 Re8 10. Bf1 Nf8 11. d5 h6 12. Bd2 g5 13. Nh2 Ng6 14. Ng4 Nxg4 15. hxg4 Qd7 16. f3 h5 17. gxh5 Nf4 18. g4 Kg7 19. Be3 Rh8 20. Ne2 Bd8 21. Ng3 Ba5 22. Nf5+ Kf6 23. dxc6 Qxc6 24. Qxd6+ Qxd6 25. Nxd6 Bxe1 26. Rxe1 b6 27. c5 bxc5 28. Bxc5 Ne6 29. Rc1 Nxc5 30. Rxc5 Be6 31. Bc4 Rhd8 32. Bxe6 fxe6 33. Nc4 Rd1+ 34. Kg2 Rad8 35. Rc7 Rc1 36. h6 Rd2+ 37. Kg3 Rcc2 38. Nxd2 Rxc7 39. b3 Rh7 40. Nc4 Rxh6 41. Na5 Rh7 42. a4 Rc7 43. Nc4 Rxc4 44. bxc4 Ke7 45. Kf2 Kd6 46. Ke3 Kc5 47. Kd3 Kb4 48. a5 a6 49. c5 Kxc5 50. Kc3 Kb5 51. Kb3 Kxa5 52. Kc4 Kb6 53. Kb4 a5+ 54. Ka4 Ka6 0-1

[Event "GER-chT Seniors 18th"]
[Site "Finsterbergen"]
[Date "2009.09.17"]
[Round "6"]
[White "Malich, Burkhard"]
[Black "Scheipl, Ralf"]
[Result "1-0"]
[WhiteElo "2355"]
[BlackElo "2281"]
[PlyCount "53"]
[EventDate "2009.09.12"]
[EventType "team-swiss"]
[EventRounds "7"]
[EventCountry "GER"]
[SourceTitle "CBM 132 Extra"]
[Source "ChessBase"]
[SourceDate "2009.11.03"]
[SourceVersion "1"]
[SourceVersionDate "2009.11.03"]
[SourceQuality "1"]

1. d4 Nf6 2. Nf3 e6 3. c4 c5 4. d5 exd5 5. cxd5 d6 6. Nc3 g6 7. e4 Bg7 8. Bg5 h6 9. Bh4 0-0 10. Nd2 a6 11. a4 b6 12. Be2 Nbd7 13. 0-0 Rb8 14. Qc2 g5 15. Bg3 Qe7 16. Nc4 Ne8 17. Bg4 Be5 18. Bxe5 dxe5 19. Nd1 Nef6 20. Bf5 Nh5 21. Nde3 Re8 22. d6 Qd8 23. Nd5 Ng7 24. Ne7+ Rxe7 25. dxe7 Qxe7 26. Rfd1 Nf6 27. Bxc8 1-0

[Event "GER-chT Seniors 18th"]
[Site "Finsterbergen"]
[Date "2009.09.16"]
[Round "5"]
[White "Khanukov, Boris"]
[Black "Malich, Burkhard"]
[Result "1-0"]
[WhiteElo "2379"]
[BlackElo "2355"]
[PlyCount "137"]
[EventDate "2009.09.12"]
[EventType "team-swiss"]
[EventRounds "7"]
[EventCountry "GER"]
[SourceTitle "CBM 132 Extra"]
[Source "ChessBase"]
[SourceDate "2009.11.03"]
[SourceVersion "1"]
[SourceVersionDate "2009.11.03"]
[SourceQuality "1"]

1. d4 d5 2. c4 c6 3. Nf3 Nf6 4. e3 g6 5. Nc3 Bg7 6. Be2 0-0 7. 0-0 e6 8. Qc2 Nbd7 9. e4 dxe4 10. Nxe4 Nxe4 11. Qxe4 Re8 12. Rd1 Qe7 13. Bg5 f6 14. Bf4 g5 15. Bc1 Nf8 16. Bf1 Bd7 17. h3 Rad8 18. Qe3 a6 19. Bd2 Rb8 20. a4 Ng6 21. Bc3 Qf7 22. a5 Rbd8 23. Re1 Bc8 24. Rad1 Nf4 25. Qc1 Ng6 26. Qc2 Nf4 27. Re3 Ng6 28. Bd3 Bh6 29. Bxg6 Qxg6 30. Qxg6+ hxg6 31. Ree1 Kf7 32. Bb4 Bf8 33. Bxf8 Rxf8 34. Rc1 Rh8 35. Re3 Rd6 36. Rec3 Kg7 37. b3 Rhd8 38. Kf1 Kf7 39. Re3 Rh8 40. Ke2 Rdd8 41. Rd3 Rd6 42. Rcd1 Ke7 43. R1d2 Rdd8 44. Re3 Kf7 45. Kd1 Ke7 46. Kc1 Kd6 47. Red3 Kc7 48. Kb2 Rh5 49. b4 Rh7 50. Re3 Kd6 51. Kc3 Ke7 52. Ne1 Rh4 53. Nf3 Rh7 54. Rde2 Kf7 55. Re4 Rhh8 56. R4e3 Rd6 57. Nd2 Rhd8 58. Nb3 Kg7 59. Rd2 f5 60. Nc5 Kf6 61. Na4 Re8 62. Nb6 Rdd8 63. Rde2 Re7 64. Re5 Kf7 65. Rc5 Bd7 66. g4 Rh8 67. Re3 Kf6 68. Rce5 Kf7 69. d5 1-0

[Event "GER-chT Seniors 18th"]
[Site "Finsterbergen"]
[Date "2009.09.14"]
[Round "3"]
[White "Nekrasov, Mihail"]
[Black "Malich, Burkhard"]
[Result "1/2-1/2"]
[WhiteElo "2377"]
[BlackElo "2355"]
[PlyCount "37"]
[EventDate "2009.09.12"]
[EventType "team-swiss"]
[EventRounds "7"]
[EventCountry "GER"]
[SourceTitle "CBM 132 Extra"]
[Source "ChessBase"]
[SourceDate "2009.11.03"]
[SourceVersion "1"]
[SourceVersionDate "2009.11.03"]
[SourceQuality "1"]

1. e4 c5 2. Nf3 e6 3. d4 cxd4 4. Nxd4 a6 5. Bd3 Nc6 6. Nxc6 bxc6 7. 0-0 d6 8. f4 Nf6 9. Kh1 Be7 10. e5 Nd7 11. exd6 Bxd6 12. Nc3 Be7 13. Na4 0-0 14. Be3 Bb7 15. Be4 Qc7 16. c4 g6 17. Qc2 c5 18. Rad1 Rfd8 19. b3 1/2-1/2

[Event "EU-chT Seniors 11th"]
[Site "Velden"]
[Date "2009.04.12"]
[Round "8"]
[White "Neese, Hans Joachim"]
[Black "Malich, Burkhard"]
[Result "1/2-1/2"]
[WhiteElo "2200"]
[BlackElo "2372"]
[PlyCount "36"]
[EventDate "2009.04.05"]
[EventType "team-swiss"]
[EventRounds "9"]
[EventCountry "AUT"]
[SourceTitle "CBM 129 Extra"]
[Source "ChessBase"]
[SourceDate "2009.05.05"]
[SourceVersion "2"]
[SourceVersionDate "2009.05.20"]
[SourceQuality "1"]

1. d4 d5 2. Nf3 c6 3. Bf4 Qb6 4. Qc1 Bf5 5. Nbd2 e6 6. e3 Nf6 7. h3 h6 8. Be2 c5 9. dxc5 Bxc5 10. Nb3 Be7 11. 0-0 0-0 12. Bd3 Bxd3 13. cxd3 Nc6 14. Qd2 a5 15. Rfc1 a4 16. Nbd4 Rfc8 17. Nxc6 bxc6 18. Rc2 Nd7 1/2-1/2

[Event "EU-chT Seniors 11th"]
[Site "Velden"]
[Date "2009.04.05"]
[Round "1"]
[White "Andersson, Sven Olof"]
[Black "Malich, Burkhard"]
[Result "0-1"]
[WhiteElo "2060"]
[BlackElo "2372"]
[PlyCount "120"]
[EventDate "2009.04.05"]
[EventType "team-swiss"]
[EventRounds "9"]
[EventCountry "AUT"]
[SourceTitle "CBM 129 Extra"]
[Source "ChessBase"]
[SourceDate "2009.05.05"]
[SourceVersion "2"]
[SourceVersionDate "2009.05.20"]
[SourceQuality "1"]

1. d4 d5 2. Nf3 c6 3. g3 Nf6 4. Bg2 Bf5 5. 0-0 e6 6. b3 h6 7. Bb2 a5 8. c4 Be7 9. Nc3 Nbd7 10. e3 0-0 11. Rc1 Ne4 12. Nxe4 Bxe4 13. Nd2 Bxg2 14. Kxg2 a4 15. Bc3 b5 16. c5 f5 17. b4 Bf6 18. Nf3 Qc7 19. a3 Rae8 20. Qc2 Re7 21. Rcd1 g5 22. h3 Rg7 23. Qb2 Qd8 24. Ne5 Bxe5 25. dxe5 Qe8 26. f3 Qg6 27. Qc2 g4 28. hxg4 fxg4 29. Qxg6 gxf3+ 30. Rxf3 Rxg6 31. Rxf8+ Nxf8 32. Rd4 Rg5 33. Kf3 Rxe5 34. Rg4+ Rg5 35. Rxg5+ hxg5 36. Kg4 Nh7 37. Kh5 Kf7 38. Be5 Nf6+ 39. Kxg5 Ne4+ 40. Kh6 Nd2 41. g4 Nc4 42. Bc3 Nxe3 43. g5 Nf5+ 44. Kh7 Nh4 45. Kh6 Ng6 46. Kh5 e5 47. Kg4 Ke6 48. Bd2 d4 49. Bc1 e4 50. Bb2 Ke5 51. Kh5 Ne7 52. g6 Nxg6 53. Kxg6 e3 54. Bc1 Ke4 55. Kf6 d3 56. Ke6 d2 57. Bxd2 exd2 58. Kd6 d1Q+ 59. Kxc6 Qd3 60. Kb6 Kd5 0-1

[Event "Oberliga Ost-A 0809"]
[Site "Germany"]
[Date "2009.02.01"]
[Round "7.1"]
[White "Malich, Burkhard"]
[Black "Machelett, Heiko"]
[Result "1/2-1/2"]
[WhiteElo "2372"]
[BlackElo "2420"]
[PlyCount "26"]
[EventDate "2008.10.12"]
[EventType "team-tourn"]
[EventRounds "11"]
[EventCountry "GER"]
[SourceTitle "EXT 2010"]
[Source "ChessBase"]
[SourceDate "2010.11.25"]
[SourceVersion "1"]
[SourceVersionDate "2010.11.25"]
[SourceQuality "1"]
[WhiteTeam "Magdeburg Rochade"]
[BlackTeam "Jena Jenapharm"]
[WhiteTeamCountry "GER"]
[BlackTeamCountry "GER"]

1. d4 Nf6 2. Nf3 d6 3. c4 g6 4. Nc3 Bg7 5. e4 0-0 6. Be2 e5 7. 0-0 exd4 8. Nxd4 Re8 9. f3 Nc6 10. Be3 Nh5 11. Nc2 f5 12. Qd2 Nf6 13. Bg5 Ne5 1/2-1/2

[Event "Oberliga Ost-A 0809"]
[Site "Germany"]
[Date "2008.11.30"]
[Round "3.1"]
[White "Malich, Burkhard"]
[Black "Hoepfl, Thomas"]
[Result "1/2-1/2"]
[WhiteElo "2372"]
[BlackElo "2356"]
[PlyCount "52"]
[EventDate "2008.10.12"]
[EventType "team-tourn"]
[EventRounds "11"]
[EventCountry "GER"]
[SourceTitle "EXT 2010"]
[Source "ChessBase"]
[SourceDate "2010.11.25"]
[SourceVersion "1"]
[SourceVersionDate "2010.11.25"]
[SourceQuality "1"]
[WhiteTeam "Magdeburg Rochade"]
[BlackTeam "Halle USV"]
[WhiteTeamCountry "GER"]
[BlackTeamCountry "GER"]

1. d4 Nf6 2. Nf3 e6 3. c4 b6 4. e3 Bb7 5. Bd3 d5 6. 0-0 Bd6 7. b4 dxc4 8. Bxc4 0-0 9. a3 Nbd7 10. Bb2 Qe7 11. Nc3 a6 12. Re1 e5 13. h3 e4 14. Nd2 c5 15. bxc5 bxc5 16. Bf1 Rfe8 17. Nc4 Bc7 18. Na4 cxd4 19. Bxd4 Ne5 20. Rb1 Bc6 21. Nab6 Rab8 22. Nxe5 Bxe5 23. Qc2 Bxd4 24. Qxc6 Bxb6 25. Rxb6 Rxb6 26. Qxb6 Qxa3 1/2-1/2

[Event "Oberliga Ost-A 0708"]
[Site "Germany"]
[Date "2008.04.19"]
[Round "10.1"]
[White "Stolz, Mike"]
[Black "Malich, Burkhard"]
[Result "1/2-1/2"]
[WhiteElo "2365"]
[BlackElo "2393"]
[PlyCount "24"]
[EventDate "2007.09.23"]
[EventType "team-tourn"]
[EventRounds "11"]
[EventCountry "GER"]
[SourceTitle "EXT 2009"]
[Source "ChessBase"]
[SourceDate "2008.11.26"]
[SourceVersion "1"]
[SourceVersionDate "2008.11.26"]
[SourceQuality "1"]
[WhiteTeam "Magdeburg Rochade"]
[BlackTeam "Naumburg"]
[WhiteTeamCountry "GER"]
[BlackTeamCountry "GER"]

1. e4 c5 2. Nf3 e6 3. d4 cxd4 4. Nxd4 a6 5. c4 Nf6 6. Bd3 d6 7. 0-0 Qc7 8. b3 Be7 9. Bb2 b6 10. Qe2 Bb7 11. Nc3 0-0 12. Rac1 Nbd7 1/2-1/2

[Event "Oberliga Ost-A 0708"]
[Site "Germany"]
[Date "2008.03.09"]
[Round "8.1"]
[White "Malich, Burkhard"]
[Black "Becker, Michael"]
[Result "1-0"]
[WhiteElo "2393"]
[BlackElo "2337"]
[PlyCount "75"]
[EventDate "2007.09.23"]
[EventType "team-tourn"]
[EventRounds "11"]
[EventCountry "GER"]
[SourceTitle "EXT 2009"]
[Source "ChessBase"]
[SourceDate "2008.11.26"]
[SourceVersion "1"]
[SourceVersionDate "2008.11.26"]
[SourceQuality "1"]
[WhiteTeam "Naumburg"]
[BlackTeam "Halle USV"]
[WhiteTeamCountry "GER"]
[BlackTeamCountry "GER"]

1. d4 Nf6 2. c4 c5 3. d5 b5 4. cxb5 a6 5. bxa6 g6 6. Nc3 Bxa6 7. e4 Bxf1 8. Kxf1 d6 9. Nge2 Bg7 10. h3 Nbd7 11. Kg1 0-0 12. Kh2 Nb6 13. Qc2 Qd7 14. Rd1 Na4 15. Rb1 Nh5 16. a3 f5 17. exf5 Rxf5 18. Kg1 Nxc3 19. bxc3 Be5 20. c4 Raf8 21. Be3 Nf4 22. Bxf4 Bxf4 23. Rb3 Be5 24. f3 Kg7 25. Rf1 Qa4 26. Qd3 R5f7 27. Rfb1 Ra8 28. Qe4 Qa5 29. Qd3 Ra7 30. Nc3 Bd4+ 31. Kh1 Bxc3 32. Rxc3 Rf4 33. Rbb3 Qc7 34. Qe2 Ra4 35. Re3 Rf7 36. Qb2+ Kh6 37. Re4 g5 38. Re6+ 1-0

[Event "EU-chT Seniors 10th"]
[Site "Dresden"]
[Date "2008.02.19"]
[Round "9.4"]
[White "Malich, Burkhard"]
[Black "Bakalarczyk, Wlodzimierz"]
[Result "1-0"]
[WhiteElo "2380"]
[BlackElo "1996"]
[PlyCount "51"]
[EventDate "2008.02.11"]
[EventType "team-swiss"]
[EventRounds "9"]
[EventCountry "GER"]
[SourceTitle "CBM 122 Extra"]
[Source "ChessBase"]
[SourceDate "2008.03.04"]
[SourceVersion "1"]
[SourceVersionDate "2008.03.04"]
[SourceQuality "1"]
[WhiteTeam "Germany"]
[BlackTeam "Wroclaw"]
[WhiteTeamCountry "GER"]
[BlackTeamCountry "POL"]

1. d4 Nf6 2. Nf3 g6 3. c4 Bg7 4. Nc3 0-0 5. e4 d6 6. Be2 e5 7. 0-0 Nbd7 8. Re1 c6 9. Bf1 a5 10. d5 Nc5 11. Qc2 Re8 12. Be3 Bd7 13. Rad1 Qb8 14. Nd2 Rc8 15. Bxc5 dxc5 16. a4 cxd5 17. cxd5 Ne8 18. Bb5 Bxb5 19. Nxb5 c4 20. Nxc4 Bf8 21. Qb3 Ra6 22. Re3 Bb4 23. Rf3 Kg7 24. d6 Nf6 25. Nxe5 Rf8 26. Rxf6 1-0

[Event "EU-chT Seniors 10th"]
[Site "Dresden"]
[Date "2008.02.18"]
[Round "8.4"]
[White "Petrushin, Alexander I"]
[Black "Malich, Burkhard"]
[Result "1/2-1/2"]
[WhiteElo "2426"]
[BlackElo "2380"]
[PlyCount "44"]
[EventDate "2008.02.11"]
[EventType "team-swiss"]
[EventRounds "9"]
[EventCountry "GER"]
[SourceTitle "CBM 122 Extra"]
[Source "ChessBase"]
[SourceDate "2008.03.04"]
[SourceVersion "1"]
[SourceVersionDate "2008.03.04"]
[SourceQuality "1"]
[WhiteTeam "Rostov Stiller Don"]
[BlackTeam "Germany"]
[WhiteTeamCountry "RUS"]
[BlackTeamCountry "GER"]

1. e4 c5 2. Nf3 e6 3. d4 cxd4 4. Nxd4 a6 5. Nc3 Qc7 6. Bd3 Nc6 7. Be3 Nf6 8. 0-0 Bd6 9. Kh1 Bf4 10. Bxf4 Qxf4 11. Nxc6 dxc6 12. Qe2 e5 13. g3 Qh6 14. Na4 Bh3 15. Rg1 Nd7 16. f3 Be6 17. Qf2 0-0 18. Rad1 Rfd8 19. Be2 Qf6 20. Rd6 Nf8 21. Rgd1 Rxd6 22. Rxd6 Rd8 1/2-1/2